000 00798nam a2200241 a 4500
001 45649
003 BD-RJUL
005 20211209054040.0
008 881017r19971995enk 000 0 eng d
020 _a0070617295
035 _a(BD-RjUL)45767
040 _aBD-RjUL
_beng
_cBD-RjUL
041 _aeng
082 _223
_a338.9
_bCHP 2007
100 1 _aChandra, Prasanna
_q(David Lewis),
_d1952-
_9139726
245 1 0 _aProjects :
_bplanning, analysis, selection, financing, implementation and review /
_cPrasanna Chandra
250 _a6th edi.
260 _aHarlow :
_bLongman,
_c2006 [reprint 2007]
300 _aviii, various pg. :
_bill. ;
_c25 cm
500 _aFirst published by Pitman Publishing Limited 1985
650 _aCapital investments
_xManagement.
_2
_9139727
942 _2ddc
_cBK
999 _c45649
_d45649